| 000 | 00765nam a2200241 a 4500 | ||
|---|---|---|---|
| 001 | 43468 | ||
| 003 | BD-RjUL | ||
| 005 | 20211209053713.0 | ||
| 008 | 160622s1953 ii b 000 0 eng d | ||
| 035 | _a(OCoLC)ocm28623599 | ||
| 035 | _a(BD-RjUL)43586 | ||
| 035 | _a(NNC)3237892 | ||
| 040 |
_aCUY _cCUY _dOCLCQ _dBD-RjUL _beng |
||
| 041 | _aeng | ||
| 082 |
_223 _a370.13954 _bMUP 1953 |
||
| 100 | 1 |
_aMukherjee, Haridas _9133499 |
|
| 245 | 1 | 2 |
_aA phase of the Swadeshi movement : _b(National education, 1905-1910) / _cby Haridas Mukherjee and Uma Mukherjee. |
| 260 |
_aCalcutta : _bChuckerverty, Chatterjee , _c1953 |
||
| 300 |
_a84 p. ; _c19 cm. |
||
| 650 | 0 |
_aEducation _zIndia _9133500 _xHistory. |
|
| 700 | 1 |
_aMukherjee, Uma, _eauthor. _9133501 |
|
| 942 |
_2ddc _cBK |
||
| 999 |
_c43468 _d43468 |
||